000 00358cam a22001337a 4500
008 180718b1954 xxu||||| |||| 00| 0 eng d
082 _aQ437 J136
100 _aFen, Elisaveta
245 _aAggression and its interpretation
_cby Lydia Jackson
260 _aLondon
_bMethuen
_c1954
300 _a237p.
650 _aChild psychology
650 _aAggressiveness
999 _c433188
_d433188